000 00571cam a2200205ua 4500
001 881
005 20260515113234.0
008 110421n ii |||gr||||Z||||||asm
040 _cMAIN
082 _a320.3
245 1 _aSnatok mahalar bharotor rajnaitik bebysta
_cby Kripesh Chandra Paul
250 _a1st.
260 _aGuwahati:
_bArun prokashan,995.
300 _axvi, 640p.:
_c25cm.
653 _aPolitical science
653 _aBharator rajnaitik bebyosta
700 _aPaul, Kripesh Chandra.,
_eAuthor.
700 _aNayak, Protul Chandra.,
_eAuthor.
942 _cBK
999 _c804
_d804